Marvel Rivals hero select voicelines - Statistics

General Stats
  • This quiz has been taken 14 times
  • The average score is 3 of 49
Answer Stats
Hint Answer % Correct
Groot I am Groot
43%
Moon Knight I tear through the cloudless night, just like the moon
21%
Cloak & Dagger We are Cloak and Dagger, we are hope and fear
21%
Black Panther Are you ready to hunt?
14%
Squirrel Girl Eat nuts and kick butts
14%
Ultron I am beyond my pitiful creator, I am beyond everyone
14%
Loki I am Loki, God of Mischief and the King of Asgard
14%
Luna Snow I'm Luna Snow, like the moon, I shine in darkness
14%
The Punisher I'm not a hero, I'm The Punisher
14%
Star-Lord Someone's gotta guard the galaxy, might as well be me
14%
Venom We are Venom, you are insignificant
14%
The Thing Who needs four when you got one like me
14%
Winter Soldier Anyone stands in my way, they won't be standin' much longer
7%
Magneto Be wary. No timeline exists where Magneto yields
7%
Captain America Freedom's an idea that will never die
7%
Blade I fight to end the darkness that spawned me
7%
Invisible Woman I'm not the type who fades quietly into the background
7%
Iron Man I never wanted to be Iron Man but it worked out for every body
7%
Adam Warlock I will bring peace to this world, no matter the cost
7%
Gambit Make way for the king of thieves
7%
Jeff the Land Shark Mrrrrr
7%
Hawkeye Once an Avenger, always an Avenger
7%
Bruce Banner Science solves problems
7%
Namor Those who oppose me shall be left to drown in my wake
7%
Thor I am the God of Thunder and the Mightiest Avenger
0%
Phoenix I am the Phoenix, behold my cosmic might
0%
Magik I have mutant powers, and a little demonic magic too
0%
Peni Parker I'm here to finish the fight my father began, I hope I make him proud
0%
Wolverine I'm not anyone's sidekick. What I do is best done alone
0%
Human Torch I'm the brightest in the sky
0%
Spider-Man I'm your friendly neighborhood Spiderman, only my neighborhood is like multiple realities. Cool right
0%
Mister Fantastic I've seen wonders out there in the cosmos few humans will ever behold
0%
Mantis Life energy is a powerful weapon against evil
0%
Psylocke My ōdachi's sharp. My mind is sharper
0%
Deadpool (strategist) My "strategy"? Dive first and gg no heal. Duh
0%
Hela No one escapes Hela
0%
Doctor Strange Open your eyes, reality is but an illusion
0%
Black Widow Stepping out of the shadows
0%
Angela The hand of Heven is here. Show some respect
0%
Emma Frost The higher the pressure, the more dazzling the diamond
0%
Daredevil They call me Dizang now, but Daredevil will do
0%
Rocket Raccoon Who're you callin' a raccoon, huh
0%
Storm Wind, cloud and storm, heed my command
0%
Deadpool (tank) With me on the front lines, we can't lose! You know, unless we do…
0%
Iron Fist Yīfū dāng guān, wàn fū mò kāi
0%
Elsa Bloodstone You called a monster hunter, mate
0%
Scarlet Witch You don't need to be a witch to find the magic in this world, but it does help
0%
Deadpool (dps) You know, I just don't get why everyone hates on Duelist mains… I mean, come on
0%
Rogue You picked the right gal for the job, sugah
0%
No matching quizzes found
Score Distribution
Percent of People with Each Score
Percentile by Number Answered
Your Score History
You have not taken this quiz